00539 2200217 4500001002100000005001700021008004100038035002400079082000800103090001500111100001800126245003500144250001000179260004600189300001900235650001900254850001200273980001500285985000600300999001500306YOGYA-0209000005914120090227034616.0 ind  0010-020900000059141 a813 a812bKei R aKEITH, Harold aRifles for watiecHarold Keith aCet.1 aNew YorkbThomas Y. Crowell Companyc1957 a332 hlmc21 cm aCerita Amerika aYOPDYOG a05-08-2008 a1 aa000060285